[Event "RUS-ch Rapid Men 2018"]
[Site "Sochi"]
[Date "2018.10.06"]
[Round "8"]
[White "Moiseenko, Vadim"]
[Black "Ponkratov, Pavel"]
[Result "0-1"]
[WhiteElo "2492"]
[BlackElo "2628"]
[Annotator "TA"]
[PlyCount "93"]
[EventDate "2018.10.05"]
[EventType "swiss"]
[EventCountry "RUS"]
[SourceTitle "playchess.com"]
[Source "ChessBase"]
[SourceQuality "1"]

{[%evp 10,93,13,14,28,0,2,-8,-28,-10,-10,-27,-25,-47,-51,-45,-44,-45,-43,-44,-50,-71,-50,-52,-52,-84,-72,-80,-63,-81,-64,-103,-89,-156,-146,-150,-117,-147,-68,-66,-68,-96,-87,-100,-68,-57,0,-137,-82,-76,0,-49,-40,-48,-52,-60,-55,-64,-33,-75,-31,-77,-26,-156,-114,-117,-9,-41,0,0,0,-132,-93,-94,0,0,0,-7,-13,-52,17,0,0,0,0,-3038]} 1. g3 d5 2. Nf3 c6 3. Bg2 Bg4 4. O-O Nd7 5. h3 Bh5 6. d3 e5 {A07: Réti Opening: New York and Capablanca Systems} (6... e6 7. c4 Bd6 8. Nc3 Ne7 9. b3 O-O 10. Bb2 f6 11. cxd5 cxd5 12. e4 dxe4 13. dxe4 Ne5 14. Nb5 Bxf3 15. Bxf3 {½-½ (40) So,W (2778)-Anand,V (2760) Stavanger 2018}) 7. Qe1 f6 8. Nbd2 Bd6 9. e4 Ne7 10. a4 $146 ({Predecessor:} 10. c3 Bf7 11. b4 a5 12. bxa5 Qxa5 13. Rb1 Qc7 {1-0 (42) Ongut,T (2114)-Mota,P (1859) Barbera del Valles 2017}) 10... O-O 11. b3 Bb4 $36 {[%mdl 2048] Black has some pressure.} 12. Ba3 a5 {[%cal Ba7a5,Ba5b4][%mdl 32]} 13. Bxb4 axb4 14. d4 Qc7 15. Rc1 Rae8 16. dxe5 fxe5 17. c3 bxc3 18. Rxc3 d4 19. Rc1 c5 20. b4 b6 21. b5 (21. a5 $142) 21... Nc8 $17 22. Nh4 Nd6 {[#]} 23. Nf5 $1 {[%mdl 512]} Bg6 (23... Nb7 $17 24. f3 Bf7) (23... Nxf5 24. exf5) 24. Nxd6 $15 Qxd6 {[#]} 25. a5 $1 {[%mdl 512]} bxa5 {White must now prevent ...Bf7.} 26. Nc4 Qe6 27. Qxa5 Ra8 (27... Bf7 $15) 28. Qd2 (28. Qc7 $1 $11) 28... Rab8 (28... Ra4 $142 29. Qc2 Rb4) 29. Qd3 Nf6 (29... Bf7 $17 30. Qe2 Nb6) 30. Rfe1 Be8 ({But not} 30... Rxb5 $6 31. Nxe5 $1 {[%mdl 512]} Ra5 32. Nxg6 $14) 31. Na3 Nd7 32. Bf1 Kh8 33. Rc2 Bh5 34. Bg2 Ra8 35. Rb1 Rfb8 ({Black should try} 35... Qf6 $17 36. Nc4 Bf7) 36. f4 (36. Nc4 $11) 36... exf4 37. gxf4 Qh6 (37... Ra4 $17 {...Bf7 is the strong threat.} 38. Nc4 Bf7) 38. Rf1 Bf7 39. e5 Ra4 40. Re2 (40. Nc4 $11 {keeps the balance.}) 40... Qb6 {Strongly threatening ...c4.} 41. Rc1 Qa5 (41... Rf8 $17 {aiming for ...g5.} 42. Rf2 Qe6) 42. e6 Bxe6 $1 ({Don't play} 42... Rxa3 $6 {[#]} 43. exf7 $3 {[%mdl 512]} Rf8 44. Qf5 $16) 43. Rxe6 Rxa3 44. Qe2 {Threatening mate with Re8+.} Rf8 (44... Rg8 $15 45. Ra6 Qb4) 45. Ra6 {The position is equal.} Qb4 {And now ...Re3 would win.} 46. Qe7 Rg3 47. Qxd7 $4 {[%mdl 8192] Precision: White = 32%, Black = 47%.} (47. Rf1 $11 Qd2 48. Rf2 Qc1+ 49. Kh2) 0-1

[Event "RUS-ch Rapid Men 2018"]
[Site "Sochi"]
[Date "2018.10.06"]
[Round "8"]
[White "Krylov, Mikhail"]
[Black "Sadovsky, Artem"]
[Result "1/2-1/2"]
[WhiteElo "2476"]
[BlackElo "2408"]
[Annotator "TA"]
[PlyCount "98"]
[EventDate "2018.10.05"]
[EventType "swiss"]
[EventCountry "RUS"]
[SourceTitle "playchess.com"]
[Source "ChessBase"]
[SourceQuality "1"]

{[%evp 17,98,12,28,8,81,63,73,78,81,62,93,14,87,56,49,54,56,59,53,55,46,52,52,58,62,60,47,58,60,62,64,25,27,31,27,28,29,7,59,59,59,59,59,59,59,59,86,83,121,121,121,121,120,113,113,111,113,113,113,113,109,103,221,113,221,221,221,221,221,103,221,103,221,221,221,8,105,105,105,105,111,8,8]} 1. d4 g6 2. e4 Bg7 3. Nf3 d6 4. Bc4 Nf6 5. Qe2 O-O 6. e5 dxe5 7. dxe5 Nd5 8. h3 c6 9. O-O Nd7 {LiveBook: 5 Games. B04: Alekhine's Defence: 4 Nf3} (9... Be6 10. Nbd2 Nd7 11. Re1 a5 12. a3 b5 13. Ba2 Qb6 14. c4 Nc7 15. Nf1 b4 16. Ng3 b3 17. Bb1 {0-1 (41) Kovalenko,I (2668)-Anton Guijarro,D (2627) Almaty 2016}) 10. Rd1 N7b6 (10... e6 $11 {remains equal.}) 11. Bb3 $16 {c4 is the strong threat.} Qc7 {White is slightly better.} 12. c4 Nb4 13. Nc3 a5 $146 ({Predecessor:} 13... Be6 14. Bf4 Rad8 15. Nd4 Qc8 16. Ne4 Na6 17. a4 {1-0 (29) Feustel,B (2365)-Litzka,M Nuremberg 1982}) 14. c5 (14. Be3 $16) 14... Nd7 (14... N6d5 $1 $11) 15. Bxf7+ Rxf7 16. e6 $1 {[%csl LRd7,LRf7]} Rf5 17. exd7 Bxd7 18. Qxe7 Nd5 $1 {[%cal Rd5e7]} 19. Nxd5 cxd5 20. Be3 Re8 21. Qd6 $1 {[%cal Rd6c7]} Qxd6 22. cxd6 Bxb2 23. Rab1 Ba4 24. Rd3 Bc2 25. Rxb2 Bxd3 26. Rxb7 Rd8 27. d7 {Hoping for Bb6.} Ba6 ({Black should play} 27... Rxf3 $11 28. gxf3 Bf5) 28. Ra7 $14 Bb5 $1 29. Nd4 Bxd7 30. Nxf5 Bxf5 {[%mdl 4096] Endgame KRB-KRB} 31. Bd4 Rd7 32. Rxa5 Rc7 33. Rxd5 Rd7 34. Rxd7 Bxd7 $16 {KB-KB} 35. f3 Kf7 36. Kf2 Ke6 37. Ke3 Kd5 38. a3 Bb5 39. h4 h5 {[#]} (39... Bf1 $16) 40. Bg7 (40. g4 $1 $18) 40... Bf1 (40... Ba4 $16 41. Kf4 Kc5 42. Bf8+ Kb5) 41. g4 $18 hxg4 42. fxg4 Kc4 43. Kf4 (43. h5 $18 {And now h6 would win.} gxh5 44. gxh5) 43... Bd3 (43... Kb3 $16) 44. Kg5 (44. Kf3 $18 {and White stays clearly on top.}) 44... Kb5 {[#]} (44... Be2 $16 {is a better defense.} 45. Bf8 Kb5) 45. h5 $1 {[%cal Rh5h6]} gxh5 46. Kxh5 $2 (46. gxh5 $18 Kb6 47. h6) 46... Ka6 (46... Be2 $11) 47. g5 $16 Kb7 48. Bf8 Ka8 49. g6 (49. a4 $16) 49... Bxg6+ $1 {Precision: White = 48%, Black = 30%.} 1/2-1/2

[Event "RUS-ch Rapid Men 2018"]
[Site "Sochi"]
[Date "2018.10.06"]
[Round "8"]
[White "Kezin, Roman"]
[Black "Alekseenko, Kirill"]
[Result "1-0"]
[WhiteElo "2471"]
[BlackElo "2639"]
[Annotator "TA"]
[PlyCount "139"]
[EventDate "2018.10.05"]
[EventType "swiss"]
[EventCountry "RUS"]
[SourceTitle "playchess.com"]
[Source "ChessBase"]
[SourceQuality "1"]

{[%evp 17,139,0,51,49,41,33,34,12,32,-9,0,-28,0,0,0,0,0,0,0,0,0,0,17,0,0,-94,-93,-87,50,50,50,50,48,40,83,66,64,66,62,68,70,64,71,63,77,75,76,74,91,86,103,92,160,114,138,81,135,94,126,72,70,39,61,54,63,56,64,54,58,18,35,35,57,54,66,69,69,62,62,58,58,60,60,5,154,145,150,148,134,139,138,16,22,0,97,92,131,110,127,129,205,194,318,321,321,321,308,296,308,297,287,298,480,480,488,483,557,553,690,585,964,687,673,664]} 1. d4 d5 2. c4 dxc4 3. e3 e5 4. Bxc4 Nc6 (4... exd4 5. exd4 Nf6 6. Nf3 Bd6 7. Qe2+ Qe7 8. Qxe7+ Bxe7 9. O-O O-O 10. Re1 Bd6 11. Nc3 a6 12. Bg5 Nbd7 13. a4 h6 14. Bh4 g5 15. Bg3 Kg7 16. Bb3 Re8 17. Ne5 Re7 {½-½ (17) Li,C (2724)-Alekseenko,K (2625) Qinhuangdao 2018}) 5. Nf3 {[%cal Bg1f3,Bf3d2,Bd2e4,Be4g3,Bg3h5][%mdl 32]} e4 6. Nfd2 {D20: Queen's Gambit Accepted: 3 e3 and 3 e4} Qg5 7. Nxe4 Qxg2 8. Ng3 Nf6 9. Nc3 Bb4 {LiveBook: 8 Games} (9... Bg4 $11 10. Qb3 Bb4) 10. Bf1 $14 Qd5 $1 11. Bd2 Qd8 12. Nh5 $146 {Threatening Nxf6+.} ({Predecessor:} 12. a3) 12... O-O 13. Bg2 Re8 14. O-O {Hoping for Nxf6+.} Bd6 15. Nxf6+ Qxf6 16. Nb5 Bf5 $36 {[%mdl 2048] Black is pushing.} 17. Nxd6 cxd6 18. Qf3 Re4 19. h3 Rh4 20. Kh2 d5 21. Qxd5 (21. Rac1 $11) 21... Be6 $1 $17 {[%cal Re6d5]} 22. Qd6 {[#]} Qh6 ({Black should play} 22... Nxd4 $1 $17 {[%mdl 512]} 23. exd4 Rxd4) 23. Qg3 $14 {Black must now prevent d5.} Rg4 $1 {[%cal Rg4g3]} 24. Qf3 Rd8 25. Rad1 Qh5 26. Kg1 Rxg2+ $1 27. Kxg2 Bd5 28. e4 Qg6+ 29. Qg4 Bxe4+ 30. f3 Bc2 31. Qxg6 hxg6 32. Rc1 Bd3 33. Rfe1 Rxd4 34. Bc3 Rh4 (34... Rd7 $142) 35. Re8+ $16 Kh7 36. Be1 (36. Rc8 $142) 36... Ra4 (36... Rh5 $142) 37. a3 g5 38. Rd1 (38. Rc8 $142 $1) 38... Bf5 39. Bg3 Rc4 40. Re2 f6 41. Rdd2 Kg6 42. Re8 a5 43. Re1 a4 44. Re3 Rc1 45. Rc3 Rb1 46. Rc4 Na5 $1 {[%cal Ra5c4]} 47. Rxa4 Nb3 48. Rf2 {Threatens to win with Rb4.} Rd1 $1 49. Rc4 Nd4 50. h4 ({Better is} 50. a4 $14) 50... g4 (50... gxh4 $11 51. Bxh4 Be6) 51. fxg4 Be6 52. Rc3 Bxg4 53. Bf4 Nf5 {[#]} 54. Rc1 (54. Rd2 $1 $16) 54... Rd3 $11 55. Rc3 Rd4 (55... Rd1 $11) 56. Bg3 $16 Kh5 57. Kh2 Rd1 58. Rc5 g6 (58... Kg6 $16 59. h5+ Kg5) 59. Rc7 $18 {And now Rh7+ would win.} Kh6 (59... g5 $142 60. hxg5 (60. Rxb7 gxh4 61. Bf4 Nd4 $16) 60... fxg5 61. Rh7+ Kg6) 60. Rxb7 Rd3 61. Bf4+ g5 62. hxg5+ fxg5 63. Be5 Bf3 64. Rc7 Be4 $2 (64... g4 {might work better.} 65. Bf4+ Kh5) 65. Rc4 {White is clearly winning.} Bd5 {[#]} 66. Rc3 $1 {[%cal Rc3d3]} Rxc3 67. Bxc3 Ne3 68. Re2 Nf1+ 69. Kg1 Ng3 70. Re5 {Precision: White = 57%, Black = 52%.} 1-0

[Event "RUS-ch Rapid Men 2018"]
[Site "Sochi"]
[Date "2018.10.06"]
[Round "8"]
[White "Chekhov, Sergei"]
[Black "Bykov, Oleg"]
[Result "1-0"]
[WhiteElo "2463"]
[BlackElo "2411"]
[Annotator "ChessBase"]
[PlyCount "69"]
[EventDate "2018.10.05"]
[EventType "swiss"]
[EventCountry "RUS"]
[SourceTitle "playchess.com"]
[Source "ChessBase"]
[SourceQuality "1"]
[TimeControl "900+10"]

1. e4 {[%emt 0:00:00]} e6 {[%emt 0:00:00]} 2. d4 {[%emt 0:00:00]} d5 {[%emt 0:00:00]} 3. Nc3 {[%emt 0:00:00]} Nc6 {[%emt 0:00:00]} 4. Nf3 {[%emt 0:00:13]} Nf6 {[%emt 0:00:00]} 5. Bg5 {[%emt 0:00:15]} Be7 {[%emt 0:00:00]} 6. Bxf6 {[%emt 0:00:37]} Bxf6 {[%emt 0:00:00]} 7. Bb5 {[%emt 0:00:04]} O-O {[%emt 0:00:09]} 8. Qd2 {[%emt 0:01:11]} Na5 {[%emt 0:01:06]} 9. O-O {[%emt 0:01:49]} c6 {[%emt 0:02:13]} 10. Bd3 {[%emt 0:00:05]} b6 {[%emt 0:02:37]} 11. Rfe1 {[%emt 0:00:13]} Bb7 {[%emt 0:00:22]} 12. e5 {[%emt 0:00:30]} Be7 {[%emt 0:00:02]} 13. Ne2 {[%emt 0:00:47]} c5 {[%emt 0:00:50]} 14. c3 {[%emt 0:00:02]} cxd4 {[%emt 0:00:27]} 15. Nexd4 {[%emt 0:00:44]} Rc8 {[%emt 0:00:28]} 16. Rad1 {[%emt 0:00:08]} a6 {[%emt 0:00:41]} 17. Qf4 {[%emt 0:00:40]} b5 {[%emt 0:00:39]} 18. h4 {[%emt 0:00:10]} h6 {[%emt 0:00:23]} 19. g3 {[%emt 0:00:11]} Nc6 {[%emt 0:02:26]} 20. Bb1 {[%emt 0:00:49]} Nxd4 {[%emt 0:00:28]} 21. Nxd4 {[%emt 0:00:10]} h5 {[%emt 0:01:13]} 22. Qd2 {[%emt 0:01:14]} Qb6 {[%emt 0:00:11]} 23. Qd3 {[%emt 0:01:55]} g6 {[%emt 0:00:01]} 24. g4 {[%emt 0:00:01]} hxg4 {[%emt 0:01:32]} 25. h5 {[%emt 0:00:52]} Kg7 {[%emt 0:00:28]} 26. hxg6 {[%emt 0:00:01]} f5 {[%emt 0:00:43]} 27. exf6+ {[%emt 0:00:34]} Rxf6 {[%emt 0:00:01]} 28. Qe2 {[%emt 0:00:29]} Rcf8 {[%emt 0:00:24]} 29. Qxg4 {[%emt 0:02:36]} Bc8 {[%emt 0:00:02]} 30. Re5 {[%emt 0:00:20]} Rf4 {[%emt 0:01:01]} 31. Qh3 {[%emt 0:01:39]} Rh8 {[%emt 0:00:13]} 32. Qe3 {[%emt 0:00:12]} Rg4+ {[%emt 0:00:45]} 33. Kf1 {[%emt 0:00:01]} Bc5 {[%emt 0:00:51]} 34. Rxe6 {[%emt 0:01:35]} Qa7 {[%emt 0:00:01]} 35. Nf5+ {[%emt 0:00:10]} 1-0

[Event "RUS-ch Rapid Men 2018"]
[Site "Sochi"]
[Date "2018.10.06"]
[Round "8"]
[White "Belyakov, Bogdan"]
[Black "Savchenko, Boris"]
[Result "0-1"]
[WhiteElo "2458"]
[BlackElo "2562"]
[Annotator "ChessBase"]
[PlyCount "74"]
[EventDate "2018.10.05"]
[EventType "swiss"]
[EventCountry "RUS"]
[SourceTitle "playchess.com"]
[Source "ChessBase"]
[SourceQuality "1"]
[TimeControl "900+10"]

1. e4 {[%emt 0:00:00]} c5 {[%emt 0:00:00]} 2. c3 {[%emt 0:00:00]} Nf6 {[%emt 0:00:00]} 3. e5 {[%emt 0:00:00]} Nd5 {[%emt 0:00:02]} 4. d4 {[%emt 0:00:25]} cxd4 {[%emt 0:00:03]} 5. cxd4 {[%emt 0:00:01]} d6 {[%emt 0:00:02]} 6. Nf3 {[%emt 0:00:07]} dxe5 {[%emt 0:00:02]} 7. Nxe5 {[%emt 0:00:35]} Nc6 {[%emt 0:00:02]} 8. Bc4 {[%emt 0:02:02]} e6 {[%emt 0:04:08]} 9. O-O {[%emt 0:00:50]} Be7 {[%emt 0:00:11]} 10. Nc3 {[%emt 0:02:25]} Nxc3 {[%emt 0:01:37]} 11. bxc3 {[%emt 0:00:07]} Nxe5 {[%emt 0:00:03]} 12. dxe5 {[%emt 0:00:01]} Qxd1 {[%emt 0:01:14]} 13. Rxd1 {[%emt 0:00:02]} Bd7 {[%emt 0:00:01]} 14. Be3 {[%emt 0:00:33]} Rc8 {[%emt 0:02:54]} 15. Be2 {[%emt 0:00:17]} Bc5 {[%emt 0:00:10]} 16. Bd4 {[%emt 0:00:33]} Ke7 {[%emt 0:00:42]} 17. a4 {[%emt 0:00:41]} b6 {[%emt 0:01:35]} 18. a5 {[%emt 0:00:36]} b5 {[%emt 0:00:20]} 19. a6 {[%emt 0:00:58]} Bxd4 {[%emt 0:01:44]} 20. cxd4 {[%emt 0:00:07]} Rc2 {[%emt 0:00:02]} 21. Bf3 {[%emt 0:00:25]} Rhc8 {[%emt 0:00:16]} 22. Rab1 {[%emt 0:01:20]} Ra2 {[%emt 0:00:26]} 23. Bb7 {[%emt 0:00:21]} Rcc2 {[%emt 0:00:06]} 24. f4 {[%emt 0:00:02]} Rd2 {[%emt 0:01:05]} 25. h3 {[%emt 0:02:03]} f5 {[%emt 0:01:35]} 26. Rbc1 {[%emt 0:03:15]} Rac2 {[%emt 0:00:17]} 27. Rb1 {[%emt 0:00:12]} Rxd1+ {[%emt 0:00:17]} 28. Rxd1 {[%emt 0:00:01]} b4 {[%emt 0:00:01]} 29. Rb1 {[%emt 0:00:52]} Rc4 {[%emt 0:00:09]} 30. Kf2 {[%emt 0:00:15]} Rxd4 {[%emt 0:00:03]} 31. Ke3 {[%emt 0:00:01]} Rc4 {[%emt 0:00:02]} 32. g4 {[%emt 0:00:07]} g6 {[%emt 0:00:28]} 33. gxf5 {[%emt 0:00:02]} gxf5 {[%emt 0:00:01]} 34. Bf3 {[%emt 0:00:57]} Ba4 {[%emt 0:00:33]} 35. Rg1 {[%emt 0:00:08]} Kf8 {[%emt 0:00:04]} 36. Rg2 {[%emt 0:00:15]} Rc3+ {[%emt 0:00:03]} 37. Kf2 {[%emt 0:00:12]} Rxf3+ {[%emt 0:00:03]} 0-1

[Event "RUS-ch Rapid Men 2018"]
[Site "Sochi"]
[Date "2018.10.06"]
[Round "8"]
[White "Kozionov, Kirill"]
[Black "Jary, Sergey"]
[Result "0-1"]
[WhiteElo "2458"]
[BlackElo "2286"]
[Annotator "TA"]
[PlyCount "160"]
[EventDate "2018.10.05"]
[EventType "swiss"]
[EventCountry "RUS"]
[SourceTitle "playchess.com"]
[Source "ChessBase"]
[SourceQuality "1"]

{[%evp 9,160,28,30,-9,27,31,51,58,63,58,97,51,97,93,108,99,103,105,103,78,68,51,104,105,116,118,243,230,235,227,383,379,378,364,324,251,448,457,460,475,472,472,409,330,522,492,476,479,460,373,358,247,241,194,190,108,110,110,102,94,125,93,97,97,103,103,103,101,141,141,167,141,134,106,103,95,106,99,81,81,90,103,150,153,153,121,104,0,152,0,118,44,62,43,37,39,40,58,56,30,31,0,0,0,0,0,136,0,8,-8,-8,-8,0,-20,-26,-20,-15,-24,-16,-12,0,-57,0,0,0,-18,-20,-26,-12,-12,-11,-483,-472,-472,-472,-537,-514,-708,-426,-579,-308,-4714,-4714,-29977,-29978,-5691,-2534,-29969,-29963,-29971,-29973,-6107,-5206]} 1. d4 Nf6 2. c4 e6 3. Nc3 Bb4 4. Bg5 d5 5. e3 O-O 6. a3 {D50: Queen's Gambit Declined: Dutch-Peruvian Gambit} (6. cxd5 exd5 7. Bd3 c6 8. Nge2 Nbd7 9. O-O Re8 10. Qc2 Nf8 11. f3 h6 12. Bxf6 Qxf6 13. e4 dxe4 14. fxe4 Qg5 15. Rf3 Bxc3 16. bxc3 f6 {1-0 (28) Kunin,V (2551)-Hofmann,T (2248) Schwarzach 2017}) 6... Be7 (6... Bxc3+ $5 7. bxc3 Nbd7 $11) 7. Nf3 c5 8. dxc5 {White is slightly better.} dxc4 $146 ({Predecessor:} 8... Bxc5 9. cxd5 exd5 10. Bxf6 Qxf6 11. Qxd5 Bb6 12. Qg5 Nd7 13. Qxf6 Nxf6 {½-½ (22) Mampane,M (1240)-Woest,H (1323) Cape Town 2016}) 9. Bxc4 Bxc5 10. O-O (10. Qc2 {feels hotter.} h6 11. Bh4 Be7 12. O-O Qc7 13. Ba2) 10... Nc6 11. Qe2 Be7 12. Rfd1 Qb6 13. b4 a6 14. h3 Rd8 15. e4 {[%cal Be3e4,Be4e5][%mdl 32]} h6 (15... Rxd1+ $14 16. Rxd1 Qc7) 16. Bf4 $16 Nh5 17. Bh2 Rd7 (17... Nf6 $16 {was worth a try.} 18. e5 Nd7) 18. e5 $18 g6 19. Ne4 Qd8 $2 (19... Ng7 {keeps fighting.} 20. g4 Qa7) 20. Rxd7 Bxd7 21. Rd1 b5 22. Bd3 Qf8 $2 (22... Ng7 23. Qb2 Rc8) 23. g4 Ng7 24. Nf6+ Bxf6 25. exf6 Ne8 26. Be4 Ra7 (26... Nxf6 $142 27. Rxd7 Nxd7) 27. Rxd7 Rxd7 28. Bxc6 Rd8 29. Bxe8 Qxe8 30. Ne5 Rd5 31. Qe3 Qd8 32. Qf3 (32. Qxh6 $18 {[%csl Gf6][%cal Rh6g7]} Qxf6 33. Qe3) 32... Rd1+ $16 33. Kg2 Qd5 34. h4 Ra1 35. Nc6 {Ne7+ would kill now.} Qxf3+ 36. Kxf3 Rxa3+ 37. Ke4 Rc3 {[#]} 38. Na5 $1 g5 39. h5 Rc1 40. Bd6 Re1+ 41. Kf3 e5 42. Bc5 e4+ 43. Kg3 Rg1+ 44. Kh3 Rc1 45. Nc6 Rc3+ 46. Kg2 Kh7 47. Ne5 Kg8 48. Nc6 Kh7 49. Ne5 Kg8 $1 {Strongly threatening ...a5.} 50. Be7 (50. Be3 $16) 50... Ra3 $14 51. Kf1 a5 52. bxa5 Rxa5 {White should prevent ...b4!} 53. Nc6 Ra2 54. Nd4 Rb2 {With the idea ...b4.} 55. Nc6 (55. Nf5 $5 {[%cal Rf5h6]} Kh7 56. Nd6 $16) 55... Rc2 56. Nb4 (56. Ne5 {seems wilder.} Rb2 57. Ke1 Rb1+ 58. Kd2 Rb2+ 59. Kc3) 56... Rd2 57. Ke1 Rb2 (57... e3 $1 $11 {remains equal.}) 58. Bc5 (58. Nd5 $16) 58... Rb1+ 59. Ke2 Rg1 60. f3 Rc1 61. Be3 Rc4 62. Bd2 $1 exf3+ 63. Kxf3 Kf8 64. Be1 Ke8 65. Nd3 (65. Nd5 $11) 65... Rc2 ({Black should try} 65... Rd4 $15 66. Nc5 Rc4) 66. Bb4 $11 Rc4 {aiming for ...Rd4.} 67. Be7 Rd4 68. Nf2 Rf4+ 69. Ke3 b4 {[%cal Bb5b4,Bb4b3][%mdl 32] Black wants to play ...b3.} 70. Nd3 $2 {[%mdl 8192] [#]} (70. Ne4 $11) 70... b3 $1 $19 71. Kd2 Rxg4 72. Kc3 Rg3 73. Kc4 Rh3 74. Ba3 Rxh5 75. Ne5 $2 {[#]} (75. Kxb3 g4 76. Kc3) 75... g4 $1 {[%cal Bg5g4,Bg4g3,Bg3g2][%mdl 32]} 76. Bb2 (76. Nxg4 Rh4) 76... g3 77. Nf3 Rf5 (77... g2 $142 78. Bd4 Rh1 79. Kxb3 Rh3) 78. Ng1 Rf1 79. Ne2 g2 80. Bd4 {[#]} b2 $1 {Precision: White = 52%, Black = 50%.} 0-1

[Event "RUS-ch Rapid Men 2018"]
[Site "Sochi"]
[Date "2018.10.06"]
[Round "8"]
[White "Drygalov, Sergey"]
[Black "Inozemtsev, Sergei"]
[Result "1-0"]
[WhiteElo "2446"]
[BlackElo "2310"]
[Annotator "NA"]
[PlyCount "77"]
[EventDate "2018.10.05"]
[EventType "swiss"]
[EventCountry "RUS"]
[SourceTitle "playchess.com"]
[Source "ChessBase"]
[SourceQuality "1"]
[TimeControl "900+10"]

1. d4 {[%emt 0:00:00]} Nf6 {[%emt 0:00:44]} 2. c4 {[%emt 0:00:00]} e6 {[%emt 0:00:13]} 3. Nf3 {[%emt 0:00:00]} b6 {[%emt 0:01:22]} 4. g3 {[%emt 0:00:00]} Ba6 {[%emt 0:00:01]} 5. Qc2 {[%emt 0:00:00]} c5 {[%emt 0:00:04]} 6. d5 {[%emt 0:00:05]} exd5 {[%emt 0:01:32]} 7. cxd5 {[%emt 0:00:01]} g6 {[%emt 0:01:52]} 8. Bg2 {[%emt 0:00:10]} Bg7 {[%emt 0:00:05]} 9. O-O {[%emt 0:00:03]} O-O {[%emt 0:00:03]} 10. Nc3 {[%emt 0:00:10]} Re8 {[%emt 0:00:34]} 11. Re1 {[%emt 0:00:18]} b5 {[%emt 0:00:20]} 12. a3 {[%emt 0:04:21]} d6 {[%emt 0:00:20]} 13. e4 {[%emt 0:01:09]} Nbd7 {[%emt 0:00:08]} 14. Bf4 {[%emt 0:00:53]} Qb6 {[%emt 0:01:20]} 15. e5 {[%emt 0:02:08]} Nh5 {[%emt 0:01:53]} 16. e6 {[%emt 0:00:10]} Nf8 {[%emt 0:00:03]} 17. exf7+ {[%emt 0:00:22]} Kxf7 {[%emt 0:00:02]} 18. Be3 {[%emt 0:00:11]} Kg8 {[%emt 0:00:32]} 19. Ng5 {[%emt 0:01:31]} Rab8 {[%emt 0:02:46]} 20. b4 {[%emt 0:01:07]} Bd4 {[%emt 0:00:56]} 21. Bxd4 {[%emt 0:01:22]} cxd4 {[%emt 0:00:03]} 22. Nce4 {[%emt 0:00:03]} Kg7 {[%emt 0:02:30]} 23. Qd2 {[%emt 0:01:03]} Bc8 {[%emt 0:00:18]} 24. Nf3 {[%emt 0:00:15]} Bf5 {[%emt 0:00:11]} 25. Nxd4 {[%emt 0:00:05]} Bxe4 {[%emt 0:00:06]} 26. Bxe4 {[%emt 0:00:02]} Nf6 {[%emt 0:00:07]} 27. Bf3 {[%emt 0:00:02]} N6d7 {[%emt 0:00:25]} 28. Nc6 {[%emt 0:00:36]} Ne5 {[%emt 0:00:16]} 29. Qb2 {[%emt 0:00:34]} Nfd7 {[%emt 0:00:27]} 30. Bg4 {[%emt 0:01:02]} Nf6 {[%emt 0:00:17]} 31. Nxe5 {[%emt 0:00:15]} dxe5 {[%emt 0:00:18]} 32. Be6 {[%emt 0:00:03]} Qd4 {[%emt 0:00:12]} 33. Qxd4 {[%emt 0:00:07]} exd4 {[%emt 0:00:01]} 34. Rad1 {[%emt 0:00:02]} Rbd8 {[%emt 0:00:10]} 35. Re5 {[%emt 0:00:35]} Rd6 {[%emt 0:00:27]} 36. Rxd4 {[%emt 0:00:08]} Nd7 {[%emt 0:00:05]} 37. Re3 {[%emt 0:00:05]} Nb6 {[%emt 0:00:01]} 38. Ree4 {[%emt 0:00:41]} Red8 {[%emt 0:00:20]} 39. Rf4 {[%emt 0:00:04]} 1-0